| 000 | 00361nam a2200157 4500 | ||
|---|---|---|---|
| 007 | 000 | ||
| 008 | 000 | ||
| 020 | _a0697783952 | ||
| 040 | _aUOEL | ||
| 050 |
_aQD40 _b.C66 2009 |
||
| 245 | _a\Contemporary science for non-science majors | ||
| 250 | _a3rd ed. | ||
| 260 |
_aBoston : _bLearning solutions ; _c2009 |
||
| 300 |
_a450 p. : _bill, ; |
||
| 942 |
_2lcc _cLL |
||
| 999 |
_c5648 _d5648 |
||